Online
Catalog

Tres Sinfonías para Tecla. (Record no. 41688)

MARC details
000 -CABECERA
campo de control de longitud fija 00839nam a2200193 a 4500
001 - NÚMERO DE CONTROL
campo de control 000042199
005 - FECHA Y HORA DE LA ÚLTIMA TRANSACCIÓN
campo de control 20201002040012.0
008 - DATOS DE LONGITUD FIJA--INFORMACIÓN GENERAL
campo de control de longitud fija 131119s1984 sp g 000 0 spa d
020 ## - NÚMERO INTERNACIONAL ESTÁNDAR DEL LIBRO
Número Internacional Estándar del Libro 8400057201
040 ## - FUENTE DE LA CATALOGACIÓN
Centro catalogador/agencia de origen DO-SdBNP
Lengua de catalogación spa
Centro/agencia transcriptor BNPHU
100 1# - ENTRADA PRINCIPAL--NOMBRE DE PERSONA
Nombre de persona Baguer, Carles
Fechas asociadas al nombre 1768-1808
9 (RLIN) 69211
245 10 - MENCIÓN DE TÍTULO
Título Tres Sinfonías para Tecla.
260 ## - PUBLICACIÓN, DISTRIBUCIÓN, ETC.
Lugar de publicación, distribución, etc. Barcelona :
Nombre del editor, distribuidor, etc. Consejo Superior de Investigaciones Científicas, Instituto Español de Musicología /,
Fecha de publicación, distribución, etc. Carles Baguer ; revisión y prólogo María A. Ester-Sala.
300 ## - DESCRIPCIÓN FÍSICA
Extensión 41 p. :
Otras características físicas il., partitura ;
Dimensiones 32 cm.
490 1# - MENCIÓN DE SERIE
Mención de serie Música hispana
-- serie C música de cámara
Designación de volumen o secuencia 14
700 1# - PUNTO DE ACCESO ADICIONAL--NOMBRE DE PERSONA
Nombre de persona Ester-Sala, María A.
Término indicativo de función/relación pról.
9 (RLIN) 69212
710 2# - PUNTO DE ACCESO ADICIONAL--NOMBRE DE ENTIDAD CORPORATIVA
Nombre de entidad corporativa o nombre de jurisdicción como elemento de entrada Consejo Superior de Investigaciones Científicas, Instituto Español de Musicología
9 (RLIN) 66034
830 #0 - PUNTO DE ACCESO ADICIONAL DE SERIE-TÍTULO UNIFORME
Título uniforme Música hispana
-- serie C música de cámara
Designación de volumen o secuencia 14
9 (RLIN) 69209
Holdings
Estado de retiro Estado de pérdida Restricciones de uso No para préstamo Código de colección Localización permanente Ubicación/localización actual Ubicación en estantería Fecha de adquisición Número de inventario Total de préstamos Signatura topográfica completa Código de barras Fecha visto por última vez Precio válido a partir de Tipo de ítem Koha
      Excluido de préstamo Monografías: Libros y Folletos General General En catalogación 19.11.2013 LF1   42199-10 25.06.2020 25.06.2020 No se presta

Powered by Koha